Sams teach yourself Java in 21 days : Covers Java 7 and Android in 21 days. / (Record no. 5670)

MARC details
000 -LEADER
fixed length control field 01711cam a2200313 a 4500
001 - CONTROL NUMBER
control field 17325257
003 - CONTROL NUMBER IDENTIFIER
control field OSt
005 - DATE AND TIME OF LATEST TRANSACTION
control field 20210414114456.0
008 - FIXED-LENGTH DATA ELEMENTS--GENERAL INFORMATION
fixed length control field 120531s2013 inua 000 0 eng
010 ## - LIBRARY OF CONGRESS CONTROL NUMBER
LC control number 2012022262
020 ## - INTERNATIONAL STANDARD BOOK NUMBER
International Standard Book Number 9780672335747 (pbk.)
020 ## - INTERNATIONAL STANDARD BOOK NUMBER
International Standard Book Number 0672335743
040 ## - CATALOGING SOURCE
Original cataloging agency DLC
Transcribing agency DLC
Modifying agency DLC
042 ## - AUTHENTICATION CODE
Authentication code pcc
050 00 - LIBRARY OF CONGRESS CALL NUMBER
Classification number QA76.73.J38.C315
082 00 - DEWEY DECIMAL CLASSIFICATION NUMBER
Classification number 005.13/3
Edition number 23
100 1# - MAIN ENTRY--PERSONAL NAME
Personal name Cadenhead, Rogers.
245 10 - TITLE STATEMENT
Title Sams teach yourself Java in 21 days : Covers Java 7 and Android in 21 days. /
Statement of responsibility, etc. Rogers Cadenhead.
250 ## - EDITION STATEMENT
Edition statement 6th ed.
260 ## - PUBLICATION, DISTRIBUTION, ETC.
Place of publication, distribution, etc. Indianapolis :
Name of publisher, distributor, etc. Pearson Education Inc.,
Date of publication, distribution, etc. 2013.
300 ## - PHYSICAL DESCRIPTION
Extent xvi,698 p. :
Other physical details ill.;
Dimensions 23cm.
500 ## - GENERAL NOTE
General note Includes index.
505 ## - FORMATTED CONTENTS NOTE
Formatted contents note Contents: The java language: Getting started with java -- The ABCs of programming -- Working with objects -- Lists, logic, and loops -- Creating classes and methods -- Packages, interfaces, and other class features -- Exceptions and threads -- The java class library: Data structures -- Working with swing -- Building a swing interface -- Arranging components on a user interface -- Responding to user input -- Creating java2D graphics -- Developing swing applications -- Java programming: Working with input and output -- Serializing and examining objects -- Communicating across the internet -- Accessing databases with JDBC 4.1 and derby -- Reading and writing RSS feeds -- XML web services -- Writing android apps for java.
650 #0 - SUBJECT ADDED ENTRY--TOPICAL TERM
Topical term or geographic name entry element Java (Computer program language)
650 00 - SUBJECT ADDED ENTRY--TOPICAL TERM
Topical term or geographic name entry element Android (Electronic resource)
906 ## - LOCAL DATA ELEMENT F, LDF (RLIN)
a 7
b cbc
c orignew
d 1
e ecip
f 20
g y-gencatlg
942 ## - ADDED ENTRY ELEMENTS (KOHA)
Source of classification or shelving scheme Library of Congress Classification
Koha item type Books
Holdings
Withdrawn status Lost status Source of classification or shelving scheme Damaged status Not for loan Home library Current library Shelving location Date acquired Total Checkouts Full call number Barcode Date last seen Price effective from Koha item type
    Library of Congress Classification     WISCONSIN INTERNATIONAL UNIVERSITY COLLEGE, GHANA - MAIN LIBRARY WISCONSIN INTERNATIONAL UNIVERSITY COLLEGE, GHANA - MAIN LIBRARY Reference 23/07/2015   QA76.73.J38.C315 7833/260/15 23/07/2015 23/07/2015 Books

If you have any concerns or questions; kindly contact the library


© Powered by WIUC ICT DIRECTORATE